LEADER 00990nam a2200229 i 4500 001 000000221993 003 CaOOAMICUS 005 20130828000000.0 008 130828s2013 gw u000 u ger u 013 $a200890 020 $a978-3-506-70494-8 040 $aSeMil$bita 245 10$aVermögensrecht, Sanktionsrecht und Prozeßrecht. 260 $aPaderborn [etc.] :$bFerdinand Schöningh,$c2013. 300 $aXVIII, 677 p. ;$c24 cm. 773 0 $aAymans, Winfried <1936- >$tKanonisches Recht.$dPaderborn [etc.] : Ferdinand Schöningh, 1991-2013.$gBand4$w()981 850 $aSeMil 852 $aSeMil$W1$xVenegono$y1$m2H IV 4$j172342$B172342$CSeMilBibl$Z2$F182786 $81 961 $aSottoscrizione: Schöningh 996 $6020$a978-3-506-70494-8$9(OLS)http://semarc/number/221308 996 $6245$aVermögensrecht, Sanktionsrecht und Prozeßrecht$9(OLS)http://semarc/title/318286 996 $6260$aPaderborn [etc.] :$bFerdinand Schöningh$9(OLS)http://semarc/publisher/29622 LEADER 01128nam a2200253 i 4500 001 000000101968 003 CaOOAMICUS 005 20170629000000.0 008 170629s2005 it u000 u ita u 013 $a74120 020 $a88-317-8651-2 040 $aSeMil$bita 245 13$aLa parola si fa immagine :$bstoria e restauro della basilica orsiniana di Santa Caterina a Galatina /$ca cura di Fernando Russo. 260 $aVenezia :$bMarsilio,$ccopyr. 2005. 300 $a195 p. :$bill. ;$c30 cm. 500 $aContiene : Bibliografia. 650 4$aGalatina - Santa Caterina.$0(OLS)http://semarc/subject/45936 700 1 $aRusso, Fernando.$0(OLS)http://semarc/name/71123 850 $aSeMil 852 $aSeMil$W1$xVenegono$y1$m3P V 462$j58605$B58605$CSeMilBibl$Z2$F69479 $81 961 $aOmaggio: Jonghi Lavarini, Giuseppe Maria 996 $6020$a88-317-8651-2$9(OLS)http://semarc/number/272694 996 $6245$aLa parola si fa immagine :$bstoria e restauro della basilica orsiniana di Santa Caterina a Galatina$9(OLS)http://semarc/title/406980 996 $6260$aVenezia :$bMarsilio$9(OLS)http://semarc/publisher/30231